| 000 | 01122nam a2200253 a 4500 | ||
|---|---|---|---|
| 008 | 120416s1993 ||||||||||||||||| || u | ||
| 020 | _a0070331839 | ||
| 050 | _aTS 156 Jur | ||
| 100 | _aJuran, J. M | ||
| 245 | 1 | 0 | _aQuality planning and analysis |
| 246 | _afrom product developmentthrough use | ||
| 250 | _a3rd ed. | ||
| 260 |
_aNew Delhi _bTata McGraw-Hill _c1993 |
||
| 300 | _axxi, 634 p. : ill. | ||
| 350 | _a0.00 | ||
| 490 | _aMcGraw-Hill series in industrial engineering and management science | ||
| 650 | 0 | _aMANAGEMENT | |
| 650 | _aQUALITY CONTROL--MANAGEMENT | ||
| 650 | _aQUALITY ASSURANCE | ||
| 700 | _aGryna, Frank M | ||
| 995 |
_aMAIN LIBRARY OPEN ACCESS _D0.00 _e44854 _FCBU-MAIN LIBRARY (Kitwe) _H3 _I50.00 _jTS 156 Jur _UAVAILABLE _y44854 _ZMain Library Open Access Collection |
||
| 995 |
_aMAIN LIBRARY OPEN ACCESS _D0.00 _e732715 _FCBU-MAIN LIBRARY (Kitwe) _H2 _I50.00 _jTS 156 Jur _M1 _UAVAILABLE _WJul 10, 2006 _y44852 _ZMain Library Open Access Collection |
||
| 995 |
_aBINDERY (DAMAGED) _D0.00 _e732716 _FCBU-MAIN LIBRARY (Kitwe) _H1 _I50.00 _jTS 156 Jur _M1 _UDAMAGED _y44851 _ZMain Library Open Access Collection |
||
| 999 |
_c79901 _d79901 |
||